00600nam a2200169 a 4500008004100000020001500041050001900056100002000075245004600095250001200141260003000153300002100183350000900204995008100213999001700294952011900311120416s1995 ||||||||||||||||| || u a0240513967 aTK 7881.65 Rum aRumsey, Francis14aThe digital interface handbook.-- 2nd ed. a2nd ed. aOxfordbFocal Pressc1995 aix, 265p. : ill. a0.00 D0.00FCBU-MAIN LIBRARY (Kitwe)H1I27.50M1UREFERENCEZReference Collection c40176d40176 00102lcc4070a001b001cReference Collectiond2022-11-30l0oTK 7881.65 Rump48571r2022-11-30w2022-11-30y002